[Event "hlderbf"]
[Site "http://www.queenalice.com/game.php?id=571678"]
[Date "2009.4.14"]
[Round "-"]
[White "foda"]
[Black "hlderbf"]
[Result "0-1"]
[WhiteElo "1277"]
[BlackElo "1425"]

1. e4 Nc6 2. Bc4 Ne5 3. d3 Nxc4 4. dxc4 d6 5. Nc3 Nf6 6. Bg5 h6 7. Bxf6 exf6 8.
Nf3 Bg4 9. O-O f5 10. exf5 Bxf5 11. Nd4 Be6 12. Re1 Kd7 13. Qd3 c6 14. b4 Qh4
15. Nf3 Qh5 16. c5 Kc7 17. Ne4 dxc5 18. Nxc5 Bxc5 19. bxc5 Qxc5 20. Red1 Bg4 21.
Rab1 Rad8 22. Qe3 Rxd1+ 23. Rxd1 Qxc2 24. Qd3 Qxa2 25. Ne5 Bxd1 26. Qd7+ Kb8 27.
Qxd1 Ka8 28. Nd3 Rd8 29. g4 Qc4 30. Qc1 Qxg4+ 31. Kh1 Qf3+ 32. Kg1 Rxd3 33. Qe1
Qg4+ 34. Kf1 Rd1 35. Qxd1 Qxd1+ 36. Kg2 Qg4+ 37. Kf1 Qh3+ 38. Kg1 f5 39. Kh1 g5
40. Kg1 g4 41. Kh1 Qf1# 0-1

[Event "Challenge"]
[Site "http://www.queenalice.com/game.php?id=577978"]
[Date "2009.4.26"]
[Round "-"]
[White "hlderbf"]
[Black "egs19690901"]
[Result "1-0"]
[WhiteElo "1257"]
[BlackElo "1679"]

1. e4 e5 2. Nf3 Bd6 3. Bd3 a6 4. O-O Nh6 5. Re1 Nc6 6. Nc3 Nd4 7. Nxd4 exd4 8.
e5 Bc5 9. Ne4 Be7 10. c3 dxc3 11. dxc3 d6 12. exd6 cxd6 13. Bxh6 gxh6 14. Nf6+
Kf8 15. Nxh7+ Kg8 16. Qe2 Be6 17. Qc2 Kg7 18. c4 Qg8 19. Qc3+ Bf6 20. Qxf6# 1-0

[Event "Challenge"]
[Site "http://www.queenalice.com/game.php?id=577979"]
[Date "2009.4.26"]
[Round "-"]
[White "stephancharette"]
[Black "hlderbf"]
[Result "0-1"]
[WhiteElo "1489"]
[BlackElo "1287"]

1. Nf3 d5 2. d4 Bf5 3. Bf4 e6 4. e3 Bd6 5. Bxd6 Qxd6 6. c3 Nc6 7. Qa4 Bxb1 8.
Rxb1 O-O-O 9. Bb5 Nge7 10. Bxc6 Nxc6 11. a3 f6 12. g3 e5 13. Rd1 e4 14. Nh4 g5
15. Nf5 Qe6 16. g4 h5 17. Ng3 Qxg4 18. O-O h4 19. Qc2 Qf3 20. Qe2 hxg3 21. Qxf3
gxh2+ 22. Kh1 exf3 23. b4 Ne7 24. Rde1 Ng6 25. e4 Nf8 26. Re3 Rh3 27. exd5 Rxd5
28. Re8+ Rd8 29. Rxd8+ Kxd8 30. d5 f5 31. c4 a6 32. a4 g4 33. Rg1 hxg1=Q+ 34.
Kxg1 g3 35. fxg3 Rxg3+ 36. Kf2 Rg4 37. Kxf3 Rxc4 38. b5 Rxa4 0-1

[Event "Challenge"]
[Site "http://www.queenalice.com/game.php?id=578176"]
[Date "2009.4.26"]
[Round "-"]
[White "codcam"]
[Black "hlderbf"]
[Result "0-1"]
[WhiteElo "1318"]
[BlackElo "1238"]

1. e4 Nc6 2. c3 Nf6 3. Qf3 d5 4. d3 Bg4 5. Qf4 dxe4 6. d4 e5 7. Qg3 exd4 8. Ne2
Bd6 9. Bf4 dxc3 10. Nbxc3 Nb4 11. f3 Nc2+ 12. Kd1 Bxf4+ 13. Kxc2 Qd2+ 14. Kb3
Be6+ 15. Ka3 Qd6+ 16. Ka4 Qa6+ 17. Kb4 c5+ 0-1

[Event "Challenge"]
[Site "http://www.queenalice.com/game.php?id=578366"]
[Date "2009.4.26"]
[Round "-"]
[White "codcam"]
[Black "hlderbf"]
[Result "0-1"]
[WhiteElo "1296"]
[BlackElo "1328"]

1. e4 Nc6 2. c3 Nf6 3. f3 d5 4. exd5 Qxd5 5. Qb3 Qxb3 6. axb3 Be6 7. b4 Nd5 8.
c4 Ndxb4 9. Ra4 b5 10. cxb5 Bb3 11. bxc6 Bxa4 12. Nh3 Bxc6 13. Nf4 Na2 14. Nd3
Rb8 15. Kd1 Ba4+ 16. Ke2 Bc2 17. Na3 Bxd3+ 18. Kd1 Rb3 19. Nc2 Bxf1 20. Rxf1 e5
21. d4 exd4 22. Re1+ Be7 23. Na1 Rb6 24. b4 Rxb4 25. Bf4 Rb2 26. Bxc7 Rxg2 27.
Bd6 Nc3+ 28. Kc1 d3 29. Rxe7+ Kd8 30. Nb3 Rc2# 0-1

[Event "Challenge"]
[Site "http://www.queenalice.com/game.php?id=585840"]
[Date "2009.5.9"]
[Round "-"]
[White "hlderbf"]
[Black "codcam"]
[Result "1-0"]
[WhiteElo "1401"]
[BlackElo "1267"]

1. d4 d5 2. Bf4 Bf5 3. e3 Nc6 4. Nf3 h6 5. Bb5 a6 6. Bxc6+ bxc6 7. O-O g5 8. Be5
Nf6 9. Re1 Rg8 10. Nc3 g4 11. Nh4 e6 12. Bxf6 Qxf6 13. Nxf5 Qxf5 14. Qe2 h5 15.
e4 dxe4 16. Qc4 Rg6 17. Qxc6+ Ke7 18. Qxa8 Rf6 19. Nxe4 h4 20. Nxf6 Qxf6 21. c3
h3 22. gxh3 gxh3 23. Re3 Bh6 24. Rxh3 Qg6+ 25. Rg3 Qh5 26. Rg8 Kf6 27. Qd8+ Kf5
28. Qxc7 Bf4 29. Qc5+ e5 30. Qc8+ Ke4 31. Qc6+ Kd3 32. Qxa6+ Kd2 33. Rg2 e4 34.
f3+ 1-0

[Event "Challenge"]
[Site "http://www.queenalice.com/game.php?id=585841"]
[Date "2009.5.9"]
[Round "-"]
[White "codcam"]
[Black "hlderbf"]
[Result "0-1"]
[WhiteElo "1281"]
[BlackElo "1343"]

1. e4 Nc6 2. c3 d5 3. exd5 Qxd5 4. c4 Qe4+ 5. Ne2 Ne5 6. Qa4+ Bd7 7. Nc3 Nd3+ 8.
Kd1 Bxa4+ 9. b3 Qe6 10. bxa4 Nxf2+ 11. Kc2 Nxh1 12. Nb5 Qf5+ 13. Kb3 Qxf1 14.
Ned4 Qd3+ 15. Kb4 a5+ 16. Kc5 e6+ 17. Nd6+ Bxd6+ 0-1

[Event "Challenge"]
[Site "http://www.queenalice.com/game.php?id=587102"]
[Date "2009.5.12"]
[Round "-"]
[White "oirritado"]
[Black "hlderbf"]
[Result "1/2-1/2"]
[WhiteElo "1100"]
[BlackElo "1482"]

1. e4 Nc6 2. Nf3 e5 3. Bc4 Nf6 4. Nc3 Bc5 5. d3 d6 6. O-O Na5 7. Nd5 Nxc4 8.
Nxf6+ Qxf6 9. dxc4 Bg4 10. h3 Bxf3 11. Qxf3 Qxf3 12. gxf3 f5 13. Be3 Bxe3 14.
fxe3 fxe4 15. a4 exf3 16. Rxf3 O-O-O 17. Raf1 d5 18. cxd5 Rxd5 19. Rf8+ Rxf8 20.
Rxf8+ Rd8 21. Rf7 Rd1+ 22. Kf2 Rd2+ 23. Kf3 Rxc2 24. Rxg7 Rxb2 25. Ke4 Ra2 26.
Rxh7 Rxa4+ 27. Kxe5 Kd8 28. h4 a6 29. h5 Rg4 30. h6 b5 31. Rg7 Rh4 32. h7 Rh5+
33. Ke4 Rh4+ 34. Kd3 c5 35. Rg8+ Kc7 36. h8=Q Rxh8 37. Rxh8 c4+ 38. Kc3 Kb6 39.
e4 Kc5 40. Rh5+ Kd6 41. Kb4 Kc7 42. Ka5 Kc6 43. Kxa6 c3 44. Rh1 b4 45. e5 b3 46.
e6 Kd6 47. Re1 Ke7 48. Rb1 c2 49. Rxb3 c1=Q 50. Rb6 Qh1 51. Kb5 Qd5+ 52. Ka6 Kd8
53. Ka7 Kc7 54. e7 Qc5 55. e8=N+ Kd8 56. Nd6 Kd7 57. Nb5 Ke7 58. Kb7 Qd5+ 59.
Ka7 Kd7 60. Rd6+ Qxd6 61. Nxd6 Kxd6 62. Kb7 Kd7 63. Kb6 Kd6 64. Kb7 Kc5 65. Ka7
Kb5 66. Kb7 1/2-1/2

[Event "Challenge"]
[Site "http://www.queenalice.com/game.php?id=587104"]
[Date "2009.5.12"]
[Round "-"]
[White "yak1403"]
[Black "hlderbf"]
[Result "0-1"]
[WhiteElo "1489"]
[BlackElo "1465"]

1. b4 e5 2. a3 Nf6 3. Bb2 Bd6 4. e3 O-O 5. g3 Re8 6. Nh3 c5 7. c3 cxb4 8. axb4
e4 9. Qc2 Nc6 10. d3 exd3 11. Qxd3 Qe7 12. Ng5 Ne5 13. Qc2 h6 14. Ne4 Nf3+ 15.
Ke2 Qxe4 16. Qxe4 Nxe4 17. Kxf3 b6 18. h4 Bb7 19. Rg1 Nxc3+ 20. Kg4 Nd1 21. Bd4
Nxf2+ 22. Kf5 Be4# 0-1

[Event "Challenge"]
[Site "http://www.queenalice.com/game.php?id=590730"]
[Date "2009.5.19"]
[Round "-"]
[White "doomedbr"]
[Black "hlderbf"]
[Result "0-1"]
[WhiteElo "2003"]
[BlackElo "1560"]

1. e3 e5 2. Qh5 Bd6 3. d4 exd4 4. exd4 Nf6 5. Qe2+ Be7 6. Nf3 O-O 7. Bg5 Re8 8.
Nbd2 Nd5 9. O-O-O Bxg5 10. Qc4 Bxd2+ 11. Rxd2 c6 12. h4 d6 13. Qd3 Bg4 14. Ng5
Re1+ 15. Rd1 Rxd1+ 16. Qxd1 Bxd1 17. Kxd1 Nb4 18. a3 N4a6 19. Bc4 d5 20. Bd3 g6
21. Nf3 Nd7 22. h5 Qb6 23. Kc1 Nc7 24. Rh4 Ne6 25. hxg6 fxg6 26. Kb1 Kg7 27. c3
Re8 28. Ka2 Qd8 29. Rh1 Nf4 30. Bf1 Kh8 31. g3 Nh5 32. Rh2 Kg7 33. Bh3 Nb6 34.
Ne5 c5 35. Bg4 Nf6 36. Be2 Nbd7 37. f4 cxd4 38. cxd4 Qb6 39. Nf3 Re3 40. Bd1 Ne4
41. Ng5 Nxg5 42. fxg5 Rxg3 43. Rd2 Rxg5 44. Bc2 Rg4 45. Re2 Nf6 46. Re7+ Kh8 47.
Rf7 Kg8 48. Re7 Qc6 49. Re2 Qc4+ 50. Bb3 Qxe2 51. a4 Rxd4 52. Ka3 b5 53. Bxd5+
Nxd5 54. b3 b4# 0-1

[Event "Challenge"]
[Site "http://www.queenalice.com/game.php?id=590731"]
[Date "2009.5.19"]
[Round "-"]
[White "hlderbf"]
[Black "doomedbr"]
[Result "0-1"]
[WhiteElo "1562"]
[BlackElo "1981"]

1. d4 d5 2. Bf4 e6 3. e3 a6 4. Bd3 Bd7 5. Nd2 Bb4 6. c3 Be7 7. Qb3 Bb5 8. Bxb5+
axb5 9. Qxb5+ c6 10. Qxb7 Na6 11. Qxc6+ Kf8 12. Ngf3 Nf6 13. O-O-O Nb4 14. cxb4
Rc8 15. b5 Rxc6+ 16. bxc6 Nh5 17. Kb1 Nxf4 18. exf4 Bd6 19. Ne5 Ke7 20. Rc1 Qb6
21. Ndf3 Rc8 22. Rhe1 Bxe5 23. fxe5 Rxc6 24. Ka1 Rxc1+ 25. Rxc1 Qb5 26. a3 Kd7
27. Ng5 Qe2 28. Nxh7 Qxf2 29. Nf8+ Ke7 30. Nh7 Qxd4 31. Rc7+ Ke8 32. Rc8+ Kd7
33. Rf8 Qd1+ 34. Ka2 Qh5 35. Rh8 Kc7 36. a4 Qxh2 37. g4 Qxe5 38. g5 d4 39. Kb1
d3 40. Rf8 Qf5 41. Kc1 Qf1+ 42. Kd2 Qe2+ 43. Kc3 Qc2+ 44. Kb4 d2 45. Rxf7+ Kd6
46. Rf1 Qe4+ 47. Kc3 Qe3+ 48. Kc2 Kd5 49. Rd1 Qe4+ 50. Kc3 Kc5 51. b3 Qe3+ 52.
Kc2 Kb4 53. Rxd2 Qc5+ 54. Kb2 Qc3+ 55. Ka2 Qxd2+ 56. Kb1 Kxb3 57. a5 Qb2# 0-1

[Event "Challenge"]
[Site "http://www.queenalice.com/game.php?id=592266"]
[Date "2009.5.22"]
[Round "-"]
[White "grega"]
[Black "hlderbf"]
[Result "0-1"]
[WhiteElo "1842"]
[BlackElo "1435"]

1. e4 Nc6 2. Nf3 d5 3. exd5 Qxd5 4. Nc3 Qe6+ 5. Be2 Bd7 6. O-O O-O-O 7. d4 Qg6
8. g3 Bf5 9. Be3 Bxc2 10. Qe1 Be4 11. Nxe4 Qxe4 12. Nd2 Qc2 13. b3 Nxd4 14. Bxd4
Rxd4 15. Nc4 Nf6 16. Bf3 Qf5 17. Bg2 b5 18. Na5 Qc5 19. Nc6 Rd6 20. Nxe7+ Bxe7
21. Qxe7 Qh5 22. Qe3 Ng4 0-1

[Event "Challenge"]
[Site "http://www.queenalice.com/game.php?id=592267"]
[Date "2009.5.22"]
[Round "-"]
[White "llina"]
[Black "hlderbf"]
[Result "1-0"]
[WhiteElo "1700"]
[BlackElo "1590"]

1. d4 e6 2. e3 Nf6 3. Nc3 Bb4 4. Nf3 Ne4 5. a3 Bxc3+ 6. bxc3 Nxc3 7. Qd3 Nd5 8.
c4 Nf6 9. d5 exd5 10. cxd5 c6 11. d6 b6 12. Bb2 O-O 13. Qf5 Nd5 14. Ng5 Nf6 15.
Bxf6 g6 16. Bxd8 h6 17. Qf6 hxg5 18. Be7 Re8 19. Bc4 c5 20. Qxf7+ Kh8 21. Bf6#
1-0

[Event "Challenge"]
[Site "http://www.queenalice.com/game.php?id=592921"]
[Date "2009.5.24"]
[Round "-"]
[White "joaoreis001"]
[Black "hlderbf"]
[Result "0-1"]
[WhiteElo "1880"]
[BlackElo "1532"]

1. h3 d5 2. d4 Bf5 3. g4 Be6 4. Nf3 f5 5. g5 g6 6. Bf4 Nd7 7. e3 c6 8. Ne5 Qb6
9. b3 Bg7 10. c3 Bxe5 11. Bxe5 Nxe5 12. dxe5 h6 13. gxh6 O-O-O 14. Qd4 c5 15.
Qd3 Nxh6 16. Qb5 Qxb5 17. Bxb5 Ng4 18. Nd2 Nxe5 19. O-O-O d4 20. cxd4 cxd4 21.
exd4 Rxd4 22. Rhe1 Rd5 23. a4 Rxh3 24. Nb1 Rc5+ 25. Kd2 Nf3+ 26. Ke2 Re5+ 27.
Kf1 Nxe1 28. Kg1 Bxb3 29. Rc1+ Kd8 30. Nd2 Bd5 31. f3 Nxf3+ 32. Nxf3 Rxf3 33.
Rd1 f4 34. Bc4 Rg5+ 35. Kh2 Rf2+ 36. Kh3 Rg3+ 37. Kh4 Rh2# 0-1

[Event "Challenge"]
[Site "http://www.queenalice.com/game.php?id=592922"]
[Date "2009.5.24"]
[Round "-"]
[White "tariann"]
[Black "hlderbf"]
[Result "0-1"]
[WhiteElo "2009"]
[BlackElo "1482"]

1. e4 Nc6 2. d4 e6 3. c4 Bb4+ 4. Nc3 Qh4 5. Qd3 Bxc3+ 6. bxc3 Nf6 7. e5 Ng4 8.
g3 Qh5 9. Be2 Qf5 10. Qxf5 exf5 11. h3 Nh6 12. Nf3 d6 13. exd6 cxd6 14. Bf4 Ke7
15. O-O f6 16. d5 Ne5 17. Rfe1 Bd7 18. Bxh6 gxh6 19. Nd4 Kf8 20. f4 Ng6 21. Bd3
Rg8 22. Kf2 Ne7 23. Ne6+ Kf7 24. Bxf5 Nxf5 25. g4 Nh4 26. f5 Rac8 27. c5 dxc5
28. c4 h5 29. Re4 h6 30. Rg1 hxg4 31. hxg4 Ba4 32. Rh1 Bc2 33. Re3 Rxg4 34. d6
Ba4 35. Rd3 Nxf5 36. Re1 Bd7 37. Rd5 Bxe6 38. d7 Bxd5 0-1

[Event "Challenge"]
[Site "http://www.queenalice.com/game.php?id=594293"]
[Date "2009.5.27"]
[Round "-"]
[White "borisp"]
[Black "hlderbf"]
[Result "1/2-1/2"]
[WhiteElo "1873"]
[BlackElo "1518"]

1. e4 d5 2. exd5 Qxd5 3. Nc3 Qa5 4. Qf3 Nf6 5. h3 Nc6 6. Nge2 Nb4 7. Nd4 Qb6 8.
a3 Qxd4 9. axb4 Qxb4 10. Ra4 Qb6 11. d4 Bd7 12. Rc4 Bc6 13. d5 Nxd5 14. Nxd5
Qa5+ 15. c3 Bxd5 16. Qf5 e6 17. Qe5 Qa1 18. Rd4 Bxg2 19. Bxg2 Qxc1+ 20. Rd1 Qxb2
21. Qd4 Bd6 22. Qa4+ Kf8 23. O-O Be5 24. c4 c6 25. Rb1 Qd2 26. Qa3+ Kg8 27. Qf3
Qd7 28. Rfd1 Qc7 29. h4 Bf6 30. h5 Be5 31. Qg4 f5 32. Qh4 h6 33. Rb3 Kh7 34.
Rbd3 Bf6 35. Qg3 Qxg3 36. Rxg3 Rhd8 37. Rxd8 Rxd8 38. Rb3 Rd7 39. f4 e5 40. fxe5
Bxe5 41. Bh3 g6 42. hxg6+ Kxg6 43. Rf3 Rd1+ 44. Kf2 f4 45. Ke2 Rd4 46. Ra3 Rxc4
47. Rxa7 Re4+ 48. Kd2 Rd4+ 49. Ke2 Re4+ 50. Kd2 Rd4+ 51. Ke2 Re4+ 1/2-1/2

[Event "Challenge"]
[Site "http://www.queenalice.com/game.php?id=600457"]
[Date "2009.6.8"]
[Round "-"]
[White "codcam"]
[Black "hlderbf"]
[Result "1-0"]
[WhiteElo "1539"]
[BlackElo "1578"]

1. e4 Nc6 2. Bc4 e6 3. Nf3 d5 4. exd5 exd5 5. Bb5 Qe7+ 6. Qe2 Bd7 7. Bxc6 Bxc6
8. d4 Qxe2+ 9. Kxe2 Bb5+ 10. Ke3 O-O-O 11. Nc3 Be8 12. a4 f6 13. a5 Bg6 14. Kd2
Bb4 15. Ra4 Bd6 16. a6 c6 17. Ra5 Nh6 18. h3 Be4 19. Re1 Bxf3 20. gxf3 Nf5 21.
Kd3 bxa6 22. Rxa6 Kb7 23. Ra5 Bb4 24. Ra4 c5 25. Bd2 c4+ 26. Ke2 Nxd4+ 27. Kd1
Bd6 28. b4 Nxf3 29. Be3 d4 30. Ke2 Nxe1 31. Bxd4 Nxc2 32. Bxa7 Bxb4 33. Na2
Rhe8+ 34. Kf3 Bd2 35. Bc5 Rd3+ 36. Kg2 Ne1+ 37. Kf1 Rxh3 38. Kg1 Kc6 39. Rxc4
Ra8 40. Bb4+ Kd5 41. Bxd2 Kxc4 42. Bxe1 Rxa2 43. Kg2 Rha3 44. Kf1 h5 45. Kg2 g5
46. Kf1 h4 47. Kg2 g4 48. Kg1 g3 49. fxg3 h3 50. Bf2 Ra8 51. g4 Rh8 52. Bg3 Kd3
53. Be1 h2+ 54. Kh1 Rg8 55. Bh4 1-0